000 01246nam0a22003011 4500
001 rc\4596658
005 20260406055255.0
021 _aRU
_b[59-51884]
035 _a(NLR Aleph) 008664622
090 _a9082749
_c9082749
100 _a20130416d1959 |||y0rusy50 ca
101 0 _aswe
_arus
102 _aRU
105 _ay e |||||
200 1 _aШведско-русский словарь
_eОколо 62000 слов
_fС прил. краткого граммат. очерка, сост. канд. филол. наук С.С. Масловой-Лашанской
_gСост. Д.Э. Миланова
205 _a2-е изд., перераб. и доп.
210 _aМосква
_cГИС
_d1959
215 _a1296 с.
_d21
300 _aНа переплете сост. не указан
608 _aШведско-русские словари
_2psbo
700 1 _aМиланова
_bД.Э.
_f1893-1970
_gДиза Эдуардовна
_4220
702 1 _4220
_8rus
_7ca
_aМаслова-Лашанская
_bС. С.
_f1916-1990
_gСарра Семеновна
_3RU\NLR\AUTH\779676
_9119489
801 0 _aRU
_bNLR
_gpsbo
801 1 _aRU
_bELAR
_2rusmarc
852 _aNLR
_j186швед-рус/М-60
942 _cBOOK
980 _aNB